<?xml version="1.0" encoding="UTF-8"?>
<record
    xmlns:xsi="http://www.w3.org/2001/XMLSchema-instance"
    xsi:schemaLocation="http://www.loc.gov/MARC21/slim http://www.loc.gov/standards/marcxml/schema/MARC21slim.xsd"
    xmlns="http://www.loc.gov/MARC21/slim">

  <leader>00724nam a2200133   4500</leader>
  <controlfield tag="008">751.73 T693m</controlfield>
  <datafield tag="082" ind1=" " ind2=" ">
    <subfield code="a">751.73</subfield>
    <subfield code="b">T693m</subfield>
  </datafield>
  <datafield tag="100" ind1=" " ind2=" ">
    <subfield code="a">Museo Gurvich</subfield>
    <subfield code="9">7210</subfield>
  </datafield>
  <datafield tag="245" ind1=" " ind2=" ">
    <subfield code="a">murales TTG</subfield>
  </datafield>
  <datafield tag="260" ind1=" " ind2=" ">
    <subfield code="a">Uruguay</subfield>
    <subfield code="b">Museo Gurvich</subfield>
    <subfield code="c">2007</subfield>
  </datafield>
  <datafield tag="300" ind1=" " ind2=" ">
    <subfield code="a">143 p.</subfield>
    <subfield code="b">il (col)</subfield>
    <subfield code="c">19,5 x 21 cm</subfield>
  </datafield>
  <datafield tag="505" ind1=" " ind2=" ">
    <subfield code="t">Presentaci&#xF3;n</subfield>
    <subfield code="t">Lugar de encuentro</subfield>
    <subfield code="r">Mart&#xED;n Gurvich</subfield>
    <subfield code="t">Murales TTG</subfield>
    <subfield code="r">Silvia Listur</subfield>
    <subfield code="t">Integrantes TTG</subfield>
    <subfield code="t">El arte para todos</subfield>
    <subfield code="r">Cecilia de Torres</subfield>
    <subfield code="t">Lista de murales / catalogaci&#xF3;n</subfield>
    <subfield code="t">Murales</subfield>
    <subfield code="t">Proyectos y bocetos</subfield>
    <subfield code="t">Los murales de Saint Bois</subfield>
    <subfield code="t">Fotos</subfield>
    <subfield code="t">Los murales y su entorno</subfield>
    <subfield code="t">Documento</subfield>
    <subfield code="t">Una decoraci&#xF3;n mural</subfield>
    <subfield code="r">Joaqu&#xED;n Torres Garc&#xED;a </subfield>
  </datafield>
  <datafield tag="650" ind1=" " ind2=" ">
    <subfield code="x">arte contempor&#xE1;neo</subfield>
    <subfield code="x">pintura</subfield>
    <subfield code="x">pintura mural</subfield>
    <subfield code="x">Uruguay</subfield>
    <subfield code="x">cat&#xE1;logo de exhibici&#xF3;n</subfield>
    <subfield code="x">taller Torres-Garc&#xED;a </subfield>
    <subfield code="9">7211</subfield>
  </datafield>
  <datafield tag="999" ind1=" " ind2=" ">
    <subfield code="c">1861</subfield>
    <subfield code="d">1861</subfield>
  </datafield>
  <datafield tag="952" ind1=" " ind2=" ">
    <subfield code="0">0</subfield>
    <subfield code="1">0</subfield>
    <subfield code="2">ddc</subfield>
    <subfield code="4">0</subfield>
    <subfield code="7">0</subfield>
    <subfield code="a">LV</subfield>
    <subfield code="b">LV</subfield>
    <subfield code="c">Colectivas</subfield>
    <subfield code="d">2019-10-24</subfield>
    <subfield code="l">0</subfield>
    <subfield code="o">751.73 T693m</subfield>
    <subfield code="p">001614</subfield>
    <subfield code="r">2019-10-24 00:00:00</subfield>
    <subfield code="w">2019-10-24</subfield>
    <subfield code="y">01</subfield>
  </datafield>
</record>
